000
00307nam a2200121Ia 4500
008
190216s9999||||xx |||||||||||||| ||und||
100
_a
Arora K C
245
0
_a
Industrial Management And Engineering Economics
260
_b
Khanna Publishers
_c
1998
300
_a
1204 p
650
_a
Economics
942
_c
BK
999
_c
10178
_d
10178